[Event "Gorgan Fajr Cup"]
[Site "Gorgan"]
[Date "2015.01.30"]
[Round "4"]
[White "Seghli, Mohammad"]
[Black "Bandani, Amirmohammad"]
[Result "1-0"]
[WhiteElo "1761"]
[BlackElo "1491"]
[PlyCount "69"]
[EventDate "2015.01.28"]
[EventType "swiss"]
[EventRounds "9"]
[EventCountry "IRI"]
[SourceTitle "EXT 2016"]
[Source "ChessBase"]
[SourceDate "2015.10.08"]
[SourceVersion "1"]
[SourceVersionDate "2015.10.08"]
[SourceQuality "1"]

1. b3 d5 2. Nf3 Nf6 3. e3 g6 4. Bb2 Bg7 5. Be2 c5 6. 0-0 0-0 7. c4 e6 8. Na3 b6 9. Ne5 Bb7 10. d3 Nfd7 11. f4 Nxe5 12. fxe5 Qg5 13. Rf3 Bxe5 14. h4 Qh5 15. Rf4 Bxf4 16. Bxh5 Bxe3+ 17. Kf1 gxh5 18. Qxh5 d4 19. Nc2 Bd2 20. Ke2 Bc3 21. Qg5+ Kh8 22. Qf6+ Kg8 23. Bxc3 dxc3 24. Qe7 Bc8 25. Qg5+ Kh8 26. Qf6+ Kg8 27. Qf3 Nc6 28. Qxc6 e5 29. Qf6 Bg4+ 30. Kf2 h5 31. Ne3 Rad8 32. Nd5 c2 33. Qg5+ Kh8 34. Qh6+ Kg8 35. Nf6# 1-0